00645nam a2200157 i 4500001000700000003000900007005001700016008004100033100003600074245020400110250002600314260006100340300002000401700002600421852004000447164862ES-MaACL20251015063146.0931025s1821 sp |||| | spa d1 aSay, Jean Baptiste, d1767-183210aTratado de Economia Politica b: o exposición sencilla del modo con que se forman, se distribuyen y conservan las riquezas / cpor Juan Bautista Say ; nueva traducción por D. Juan Sanchez Rivera. a4ª ed. corr. y acum. aMadrid : b[s.n.], c1821 (fImp. de Fermin Villalpando) a2 v. ; c21 cm.1 aSanchez Rivera, Juan. aES-MaACLjC-3350-51 z-- Enc. pasta